Statistics for Accented Letters Answers Quiz

Click here to take the quiz!

General Stats

  • This quiz has been taken 28 times
  • The average score is 14 of 20

Answer Stats

HintAnswer% Correct
French word for ChristmasNoël
96%
Capital of ColombiaBogotá
88%
French name of Ivory CoastCôte d'Ivoire
88%
Woman who is engaged to be marriedFiancée
88%
African island countrySão Tomé and Príncipe
81%
Largest city in SwitzerlandZürich
81%
The main course of a mealEntrée
77%
Type of chili pepperJalapeño
77%
Type of wine originating in JapanSaké
77%
The front face of a buildingFaçade
73%
Often animal-shaped container filled with candyPiñata
73%
Gotta catch 'em allPokémon
69%
Something you might include with a job applicationRésumé
69%
Pastry typically filled with cream and topped with chocolateÉclair
65%
A look-alike of a personDoppelgänger
62%
Portuguese spelling of the name JohnJoão
62%
Something a journalist might publish to reveal informationExposé
46%
Type of frozen drinkFrappé
46%
Material that the above is often made fromPapier-mâché
42%
Purple fruit originating in South AmericaAçaí
27%

Score Distribution

Percentile by Number Answered

Percent of People with Each Score

Your Score History

You have not taken this quiz